000 00460nam a22001217a 4500
999 _c21413
_d21413
008 240910b ||||| |||| 00| 0 eng d
100 _aGahite, Pinky Cuyo.
_eauthor.
_960455
245 _aInobasyon sa kinagisnang wika (sinusong wika) /
_cPinky Cuyo Gahite.
260 _aPhilippines;
_bPublishers Association of the Philippines, Inc.,
_cAugust 2019.
300 _aVolume 168, pages 116-119.
700 _aGahite, Pinky Cuyo.
_eauthor.
_960455
942 _2ddc
_cPER